Kentucky Football: Top 10 All-Time Leaders - Statistics

General Stats
  • This quiz has been taken 33 times
  • The average score is 10 of 48
Answer Stats
Category # Player Amount % Correct
Passing Yards 3 Tim Couch 8,435
83%
Passing Yards 6 Will Levis 5,232
83%
Sacks 1 Josh Hines-Allen 31.5
76%
Rushing Yards 1 Benny Snell 3,873
72%
Rushing Yards 3 Chris Rodriguez Jr. 3,644
62%
Receiving Yards 5 Dane Key 1,870
52%
Passing Yards 1 Jared Lorenzen 10,354
52%
Receiving Yards 10 Barion Brown 1,528
48%
Sacks 4 Dennis Johnson 19.0
41%
Receiving Yards 4 Garrett Johnson 2,089
41%
Passing Yards 10 Stephen Johnson 4,342
41%
Receiving Yards 9 Randall Cobb 1,661
38%
Passing Yards 2 Andre' Woodson 9,360
28%
Rushing Yards 9 Boom Williams 2,511
21%
Receiving Yards 1 Craig Yeast 2,899
21%
Rushing Yards 4 Moe Williams 3,333
21%
Sacks 3 J.J. Weaver 22.0
17%
Receiving Yards 3 Derek Abney 2,339
10%
Sacks 5 Jamar Watson 18.5
10%
Passing Yards 4 Mike Hartline 5,680
10%
Passing Yards 5 Mike Ransdell 5,564
10%
Rushing Yards 10 Artose Pinner 2,105
7%
Receiving Yards 6 Dicky Lyons Jr. 1,752
7%
Receiving Yards 2 Keenan Burton 2,376
7%
Rushing Yards 6 Mark Higgs 2,892
7%
Tackles 4 Marty Moore 462
7%
Passing Yards 8 Rick Norton 4,514
7%
Rushing Yards 2 Sonny Collins 3,835
7%
Passing Yards 9 Babe Parilli 4,351
3%
Interceptions T4 Buzz Burnam 10
3%
Tackles 2 Chris Chenault 482
3%
Sacks T7 Chris Ward 17.0
3%
Interceptions 1 Darryl Bishop 14
3%
Sacks T7 Dean Wells 17.0
3%
Rushing Yards 8 Derrick Locke 2,618
3%
Rushing Yards 7 George Adams 2,648
3%
Tackles 3 Jeff Kremer 475
3%
Sacks 6 Jeremy Jarmon 17.5
3%
Tackles 1 Jim Kovach 521
3%
Receiving Yards 8 La'Rod King 1,706
3%
Interceptions T4 Larry Carter 10
3%
Interceptions T4 Marcus McClinton 10
3%
Sacks 2 Oliver Barnett 26.0
3%
Passing Yards 7 Patrick Towles 5,059
3%
Receiving Yards 7 Quentin McCord 1,743
3%
Rushing Yards 5 Rafael Little 2,996
3%
Interceptions T2 Tony Mayes 11
3%
Interceptions T2 Wilbur Jamerson 11
3%
No matching quizzes found
Score Distribution
Percent of People with Each Score
Percentile by Number Answered
Your Score History
You have not taken this quiz